| 000 | 00633nam a2200217 a 4500 | ||
|---|---|---|---|
| 001 | 43768 | ||
| 003 | BD-RjUL | ||
| 005 | 20211209053742.0 | ||
| 008 | 700727s1969 enka p 001 0 eng | ||
| 035 | _a(BD-RjUL)43886 | ||
| 040 |
_aDLC _cDLC _dBD-RjUL _beng |
||
| 041 | _aeng | ||
| 082 | 0 | 0 |
_a371.3944 _223 _bCAP 1969 |
| 100 | 1 |
_aCallender, Patricia. _9134527 |
|
| 245 | 1 | 0 |
_aProgrammed learning : _bits development and structure / _cPatricia Callender |
| 260 |
_aHarlow : _bLongmans, _cc1969. |
||
| 300 |
_axii, 120 p. : _bill.; _c23 cm. |
||
| 500 | _aIncludes index. | ||
| 650 | 0 |
_aProgrammed instruction. _9134528 |
|
| 942 |
_2ddc _cBK |
||
| 999 |
_c43768 _d43768 |
||